| 000 | 02165nam0a2200337 4500 | ||
|---|---|---|---|
| 001 | RU\NLR\bibl\1241804 | ||
| 005 | 20260408071904.0 | ||
| 010 |
_a978-5-86111-328-1 _9200 |
||
| 021 |
_aRU _b2008-31187 _91724 |
||
| 035 | _a(NLR Aleph) 001227989 | ||
| 090 |
_a180331 _c180331 |
||
| 100 | _a20080617d2007 |||y0rusy50 ca | ||
| 101 | 0 |
_arus _aeng |
|
| 102 | _aRU | ||
| 105 | _aa ||||||||| | ||
| 200 | 1 |
_aWe study English _eучебное пособие для студентов 1-2-х курсов факультетов педвузов _eдля студентов высших учебных заведений, обучающихся по направлению 050300 - Филологическое образование _fФедер. агентство по образованию, Гос. образоват. учреждение высш. проф. образования Стерлитамак. гос. пед. акад. _g[Лариса Алексеевна Ярославова, к.п.н., доц. _gотв. ред. - к.ф.-м.н., доц. И.Р. Кызыргулов] |
|
| 210 |
_aСтерлитамак _cредакционно-издательский отдел Стерлитамакской государственной педагогической академии _d2007 |
||
| 215 |
_a263 с. _cил., портр. _d20 |
||
| 300 | _aНа обл. авт.: L.A. Yaroslavova | ||
| 320 | _aБиблиогр.: с. 259-260 (27 назв.) | ||
| 606 | 1 |
_aАнглийский язык _jУчебные издания для высших учебных заведений _9972309 _3RU\NLR\auth\6646032 |
|
| 686 | _aШ143.21-93рус31 | ||
| 702 | 1 |
_4220 _7ca _8rus _aЯрославова _bЛ. А. _gЛариса Алексеевна _9173984 _3RU\NLR\AUTH\770174035 |
|
| 702 | 1 |
_aКызыргулов _bИ. Р. _4340 |
|
| 712 | 0 | 2 |
_4570 _aСтерлитамакская государственная педагогическая академия им. Зайнаб Биишевой _3RU\NLR\AUTH\8810059206 _9619639 |
| 801 | 0 |
_aRU _bNLR _c20080617 _gRCR |
|
| 801 | 1 |
_aRU _bNLR _c20080617 |
|
| 942 | _cBOOK | ||
| 980 | _aNB | ||
| 980 | _aNBR | ||